000 01326nam a22003611 4500
001 bslw10044261
005 20240305165648.0
006 m o d
007 cr un ---uuuua
008 230412s2013 sp ob 001 0 spa d
020 _a9788413810799
035 _a38181
040 _aUtOrBLW
_beng
_erda
_cUtOrBLW
041 1 _aspa
_heng
050 4 _aK5015.4
_b.H87 2013
082 0 4 _a345
_223
100 1 _aHusak, Douglas N.,
_d1948-
_eauthor.
240 1 0 _aOvercriminalization.
_lSpanish
245 1 0 _aSobrecriminalización :
_blos límites del derecho penal /
_cDouglas Husak ; traducción e introducción de Rocío Lorce Ferreccio.
264 1 _aMadrid :
_bMarcial Pons,
_c2013.
300 _a1 online resource (334 pages)
336 _atext
_btxt
_2rdacontent
337 _acomputer
_bc
_2rdamedia
338 _aonline resource
_bcr
_2rdacarrier
490 1 _aColección Derecho penal y criminología
504 _aIncludes bibliographical references and index.
500 _aTítulo original: Overcriminalization. Oxford : Oxford University Press, 2008.
650 0 _aCriminal law.
700 1 _aLorce Ferreccio, Rocío,
_ewriter of introduction,
_etranslator.
830 0 _aDerecho penal y criminología (Marcial Pons (Firm))
856 4 0 _uhttps://app.vlex.com/#/sources/38181
942 _cRAA
999 _c172588
_d172588